| 000 | 00567nam a2200193 a 4500 | ||
|---|---|---|---|
| 003 | BD-DhJNU | ||
| 005 | 20250101042617.0 | ||
| 008 | 191015s2019 bg a g 000 0 eng d | ||
| 020 | _a9843000027858 | ||
| 040 |
_aBD-DhJNU _bENG _cBD-DhJNU _dBD-DhJNU |
||
| 082 | 0 | 0 |
_a346.549 KHF _223 |
| 100 | 1 | _aKhan, Al Imran | |
| 245 | 1 | 0 |
_aFundamentals of company law with partnership law / _cAl Imran Khan |
| 250 | _a9th ed. | ||
| 260 |
_aDhaka : _bUniversity Publications, _c2019. |
||
| 300 |
_a552 p. : _bill. ; _c22 cm. |
||
| 650 | 0 |
_aCorporation law _zBangladesh. |
|
| 942 | _cBK | ||
| 999 |
_c1030 _d1030 |
||